000 00388nam a22001337a 4500
040 _cNUST
082 _a200 THE
100 _aMuhammad Jawad
_969672
110 _aSupervisor: Dr. Ali Hassan
245 _aTH-SOF-2214-Joint Tracking for 3D Silhouette Estimation using Multi-view Geometry
260 _aISLAMABAD:
_bNUST COLLEGE OF EME,
_c2023.
650 _aMS-CSE-19
942 _2ddc
_cTHE
999 _c603387
_d603387